Surveys of timber frame houses (Record no. 105400)

MARC details
000 -LEADER
fixed length control field 00973cam a2200229 4500
001 - CONTROL NUMBER
control field ##L133440
008 - FIXED-LENGTH DATA ELEMENTS--GENERAL INFORMATION
fixed length control field 060508n2006 000 0 eng u
035 ## - SYSTEM CONTROL NUMBER
System control number (Sirsi) u133440
041 0# - LANGUAGE CODE
Language code of text/sound track or separate title eng
050 04 - LIBRARY OF CONGRESS CALL NUMBER
Classification number 694.01 $2 18
110 2# - MAIN ENTRY--CORPORATE NAME
Corporate name or jurisdiction name as entry element Timber Research and Development Association
245 00 - TITLE STATEMENT
Title Surveys of timber frame houses
250 ## - EDITION STATEMENT
Edition statement Rev. ed.
260 ## - PUBLICATION, DISTRIBUTION, ETC.
Place of publication, distribution, etc. High Wycombe
Name of publisher, distributor, etc. TRADA
Date of publication, distribution, etc. 2006
300 ## - PHYSICAL DESCRIPTION
Extent 8p.
Dimensions 30cm.
350 ## - PRICE (NR) (BK AM CF MU VM SE) [OBSOLETE]
Price 6
490 #0 - SERIES STATEMENT
Series statement TRADA Wood Information Sheet
520 ## - SUMMARY, ETC.
Summary, etc. Provides guidance for building surveyors and construction industry professionals on how to survey timber framed houses. Explains how to confirm the building is timber frame construction and outlines the external and internal surveys. Also looks at measuring the moisture content of external wall panels and structural insulated panel systems. References and further reading.
651 #4 - SUBJECT ADDED ENTRY--GEOGRAPHIC NAME
Geographic name United Kingdom
Chronological subdivision
690 ## - LOCAL SUBJECT ADDED ENTRY--TOPICAL TERM (OCLC, RLIN)
Topical term or geographic name as entry element BUILT ENVIRONMENT-BUILDING INSPECTION
942 ## - ADDED ENTRY ELEMENTS (KOHA)
Suppress in OPAC 0
Holdings
Withdrawn status Lost status Source of classification or shelving scheme Damaged status Not for loan Home library Current library Shelving location Date acquired Total Checkouts Full call number Barcode Date last seen Date last checked out Copy number Price effective from Koha item type
    Dewey Decimal Classification     London London Basement 15/08/2006 7 BASEMENT 30072973 06/08/2019 11/02/2008 1 06/08/2019 Book